|
|
|
|
| LEADER |
00000nab a2200000 a 4500 |
| 001 |
vtls009345761 |
| 003 |
SK-MaSNL |
| 005 |
20260319074221.0 |
| 008 |
081010c2007 xo mr p 000 c0ukr |
| 015 |
|
|
|a SNBRB2008/10
|
| 038 |
|
|
|a SVKPOCL
|
| 040 |
|
|
|a SVKPOCL
|b slo
|c AACR2
|e AACR2
|
| 041 |
0 |
|
|a ukr
|
| 044 |
|
|
|a xo
|c SK
|
| 080 |
|
|
|a 394.1/.2
|2 2001
|
| 100 |
1 |
|
|a Kuzmiaková, Anna,
|d 1949-
|4 aut
|4 pht
|9 210981
|
| 245 |
1 |
0 |
|a Z pid hradu do kulturaku
|c A. Kuzmjakova, foto avtorky
|
| 300 |
|
|
|b Fotogr.
|
| 648 |
|
7 |
|a 5.7.2007
|2 svkpocl
|9 1033836
|
| 650 |
0 |
7 |
|a folklórne festivaly
|2 svkpocl
|9 29324
|
| 651 |
|
7 |
|a Stará Ľubovňa (Slovensko)
|2 svkpocl
|9 19193
|
| 773 |
0 |
|
|t Info Rusyn
|g Roč. IV, č. 7-8 (2007), s. 17
|
| 852 |
|
|
|a SVKPO
|b KIS3GCP
|
| 958 |
|
|
|a RN
|
| 958 |
|
|
|a SK
|
| 999 |
|
|
|c 1700921
|d 1702851
|